La pizarra de Yuri : (Record no. 181101)
[ view plain ]
| 000 -LEADER | |
|---|---|
| campo de control de longitud fija | 00855nam a2200241 i 4500 |
| 001 - NÚMERO DE CONTROL | |
| campo de control | 181101 |
| 003 - IDENTIFICADOR DE NÚMERO DE CONTROL | |
| campo de control | ES-MaACL |
| 005 - FECHA Y HORA DE LA ÚLTIMA TRANSACCIÓN | |
| campo de control | 20250915180943.0 |
| 008 - DATOS DE LONGITUD FIJA--INFORMACIÓN GENERAL | |
| campo de control de longitud fija | 121016s2011 sp a | |||||||| | spa d |
| 020 ## - NÚMERO INTERNACIONAL ESTÁNDAR DEL LIBRO | |
| Número Internacional Estándar del Libro | 978-84-96862-36-4 |
| 080 ## - NÚMERO DE LA CLASIFICACIÓN DECIMAL UNIVERSAL | |
| Número de la Clasificación Decimal Universal | 001(035) |
| 100 1# - ENTRADA PRINCIPAL--NOMBRE DE PERSONA | |
| Nombre de persona | Cantó, Antonio. |
| 9 (RLIN) | 34666 |
| 245 13 - MENCIÓN DEL TÍTULO | |
| Título | La pizarra de Yuri : |
| Resto del título | historias de ciencia al calor del fuego / |
| Mención de responsabilidad, etc. | Antonio Cantó "Yuri Gagarin". |
| 260 ## - PUBLICACIÓN, DISTRIBUCIÓN, ETC. | |
| Lugar de publicación, distribución, etc. | [Guadalajara] : |
| Nombre del editor, distribuidor, etc. | Silente, |
| Fecha de publicación, distribución, etc. | [2011] |
| 300 ## - DESCRIPCIÓN FÍSICA | |
| Extensión | 295 p. : |
| Otras características físicas | il. ; |
| Dimensiones | 24 cm. |
| 490 1# - MENCIÓN DE SERIE | |
| Mención de serie | Silente académica |
| 650 #4 - PUNTO DE ACCESO ADICIONAL DE MATERIA--TÉRMINO DE MATERIA | |
| Término de materia o nombre geográfico como elemento de entrada | Ciencia- |
| Subdivisión de forma | Obras de divulgación |
| 9 (RLIN) | 10959 |
| 830 1# - PUNTO DE ACCESO ADICIONAL DE SERIE-TÍTULO UNIFORME | |
| Título uniforme | Silente académica |
| 9 (RLIN) | 191406 |
| 852 4# - LOCALIZACIÓN | |
| Ubicación | ES-MaACL |
| Número de control de estantería | N-5321 |
| itemnumber | 187984 |
| Sublocalización o colección | R.148182 |
| Ubicación en estantería | Depósito 1 |
| Signatura antigua | Olim: N-5321 |
| Encuadernación | Donación: Pedro A. García |
| 903 ## - NOMBRE PERSONAL DE DONANTE | |
| a | García Bilbao, Pedro A., |
| d | 1961- |
| e | Donante |
| 9 | 148494 |
| 942 ## - ELEMENTOS DE ENTRADA SECUNDARIOS (KOHA) | |
| Fuente del sistema de clasificación o colocación | Clasificación decimal universal |
| Tipo de ítem Koha | Libro impreso |
| Estatus retirado | Estado de pérdida | Fuente del sistema de clasificación o colocación | Estado de daño | No para préstamo | Biblioteca de origen | Biblioteca actual | Ubicación en estantería | Fecha de adquisición | Fuente de adquisición | Total de préstamos | Signatura topográfica completa | Código de barras | Visto por última vez | Precio de reemplazo | Tipo de ítem Koha |
|---|---|---|---|---|---|---|---|---|---|---|---|---|---|---|---|
| Clasificación decimal universal | Biblioteca del Ateneo de Madrid | Biblioteca del Ateneo de Madrid | Depósito 1 | 16/10/2012 | Donación | A-12316 | 1190312 | 23/02/2023 | 23/02/2023 | Libro impreso |
